| 000 | 00860nam a2200253 i 4500 | ||
|---|---|---|---|
| 001 | bg | ||
| 003 | BPK | ||
| 005 | 20220623133434.0 | ||
| 008 | 070916s1969 pl a |000 0 pol | ||
| 015 | _aPB 1969/9103 | ||
| 040 |
_aWA N _cBPK |
||
| 080 | _a061.1 | ||
| 080 | _a327.7 | ||
| 080 | _a341.1 | ||
| 100 | 1 |
_aDoliwa-Klepacki, Zbigniew M. _d(1938- ) _eAutor |
|
| 245 | 1 | 0 |
_aZachodnioeuropejskie organizacje międzynarodowe / _cZbigniew M. Klepacki. |
| 260 |
_aWarszawa : _b"Książka i Wiedza", _c1969. |
||
| 300 |
_a438, [2] s. : _bil., err. ; _c23 cm. |
||
| 504 | _aBibliogr. | ||
| 650 | 4 | _aOrganizacje międzynarodowe | |
| 710 | 2 |
_aSpółdzielnia Wydawniczo-Handlowa "Książka i Wiedza" _4pbl. |
|
| 856 |
_uhttp://koha.tu.koszalin.pl/cgi-bin/koha/opac-detail.pl?biblionumber=11833 _yKatalog online BPK |
||
| 942 |
_2UKD _cKS |
||
| 999 |
_c11833 _d11833 |
||